|
|
|
|
| LEADER |
00000cam a2200000 a 4500 |
| 001 |
102928-14 |
| 003 |
Ucuenca |
| 005 |
20231215062559.0 |
| 008 |
001101|1947 cu |||||r|||||||||||spa|| |
| 040 |
|
|
|b spa
|
| 041 |
1 |
|
|a spa
|
| 082 |
0 |
|
|a 340.56
|
| 100 |
1 |
|
|a Planiol, Marcelo
|9 43495
|
| 245 |
|
|
|a Tratado práctico de derecho civil francés. Adiciones a los tomos I A XIII y tablas generales
|c Marcelo Planiol y Jorge Ripert, traducción Mario Díaz Cruz
|h imp
|n tomo 14
|
| 264 |
|
|
|a Habana
|b Cultural
|c 1947
|
| 300 |
|
|
|a 796 páginas:
|c 24 cm
|
| 504 |
|
|
|a incl. ref.
|
| 650 |
|
4 |
|a Derecho civil
|9 1231
|
| 650 |
|
|
|a Obligaciones
|9 16455
|
| 650 |
|
|
|a Personas
|9 42202
|
| 650 |
|
7 |
|a Familias
|9 107
|
| 650 |
|
|
|a Contratos
|9 11619
|
| 700 |
1 |
|
|9 43496
|a Rippert, Jorge
|
| 852 |
|
|
|a UC-CDJBV
|f Compra
|l 1
|m General
|p 20011018
|r 2
|t 102928-14
|b 0
|d CDRC
|e CDRC
|g 340.56 ESTANTERIA CERRADA
|z 2001-11-01
|
| 942 |
|
|
|c BK
|2 ddc
|z diana.fajardo@ucuenca.edu.ec
|
| 999 |
|
|
|c 23499
|d 23499
|